| Поле | Название | Значение |
| |
Тип записи |
a |
| |
Библиографический уровень |
m |
| 001 |
Контрольный номер |
RU/IS/BASE/386781120 |
| 005 |
Дата корректировки |
20201206204823.8 |
| 010 |
Индекс ISBN |
__ |
| a |
ISBN |
978-5-91419-449-6 |
| d |
Цена |
532-40 |
| 101 |
Язык документа |
0_ |
| a |
Язык текста |
rus |
| 200 |
Заглавие и сведения об ответственности |
1_ |
| a |
Заглавие |
Власть в Древней Руси X-XIII вв. |
| f |
Первые сведения об ответственности |
П. П. Толочко |
| b |
Общее обозначение материала |
Текст |
| 210 |
Выходные данные |
__ |
| a |
Место издания |
СПб. |
| c |
Издательство |
Алетейя |
| d |
Дата издания |
2011 |
| 215 |
Физическое описание |
__ |
| a |
Объем |
199 с. |
| c |
Иллюстрации/тип воспроизводства |
ил. |
| d |
Формат |
21 |
| 225 |
Серия |
__ |
| a |
Серия |
Славянская библиотека |
| 320 |
Библиография |
__ |
| a |
Библиография |
Имен. указ.: с. 191-199. Библиогр. в подстроч. примеч. |
| 330 |
Аннотация |
__ |
| a |
Аннотация |
В книге исследуются основные властные органы древнерусской государственности 10-13 вв.: князь, вече, дума, тысяцкий, воевода, посадник. Тема эта - одна из наиболее дискутируемых в отечественной историографии. Анализ имеющихся письменных источников позволил автору сделать вывод, что власть в Древней Руси, будучи хорошо структурированной, определенно имела институциональный характер. |
| 606 |
Тематические рубрики |
__ |
| a |
Основная рубрика |
История |
| z |
Хронологическая подрубрика |
10 в.; 11 в.; 12 в.; 13 в. |
| 606 |
Тематические рубрики |
__ |
| a |
Основная рубрика |
Россия в IX - XVII вв. |
| y |
Географическая подрубрика |
Древняя Русь |
| 610 |
Ключевые слова |
__ |
| a |
Ключевые слова |
княжеские съезды; воеводы; тысяцкие; посадники; вече; князья; история власти; древнерусская власть; древнерусская государственность |
| 686 |
Индексы других классификаций |
__ |
| a |
Классификационный индекс |
63.3(2)4-3; ст63.3(2)4-3 |
| 700 |
Автор |
_1 |
| a |
Фамилия |
Толочко |
| b |
Имя |
П. П. |
| g |
Полное личное имя |
Петр Петрович |
| 4 |
Код отношения |
070 |
| 801 |
Источник записи |
_0 |
| a |
Страна |
RU |
| b |
Организация |
Муниципальное бюджетное учреждение культуры "Централизованная библиотечная система" г. Сургут (Центральная городская библиотека им. А. С. Пушкина) |
| g |
Правила каталогизации |
КиК/Елгина |
| 801 |
Источник записи |
_1 |
| a |
Страна |
RU |
| b |
Организация |
Муниципальное бюджетное учреждение культуры "Централизованная библиотечная система" г. Сургут (Центральная городская библиотека им. А. С. Пушкина) |
| g |
Правила каталогизации |
КиК/Елгина |
| 852 |
Данные о местонахождении |
__ |
| j |
Шифр хранения |
63.3(2)4-3 |
| i |
Авторский знак |
Т 52 |
| 901 |
Тип документа |
__ |
| t |
Тип документа |
m |
| 903 |
Характеристики (МАРС) |
__ |
| a |
Дата передачи |
20120403 |
| 990 |
Данные о заказе (DOS) |
__ |
| j |
Количество экземпляров (DOS) |
6 |
| t |
N записи в КСУ для И/У (DOS) |
201204 |